[Event "11. Torneo Internet Ciudad Dos Hermanas"]
[Site "Dos Hermanas ICC ESP"]
[Date "2010.03.19"]
[Round "3"]
[White "Vasquez Schroeder, Rodrigo"]
[Black "Gonzalez Zamora, Juan Carlos"]
[Result "1-0"]
[WhiteElo "2506"]
[BlackElo "2552"]
[PlyCount "99"]
[EventDate "2010.03.10"]
[EventType "match (blitz)"]
[EventCountry "ESP"]
[Source "lmi"]
[SourceDate "2010.03.12"]

1. d4 Nf6 2. Nf3 e6 3. e3 b6 4. Bd3 Bb7 5. O-O Be7 6. Qe2 d5 7. Nbd2 O-O 8. e4
dxe4 9. Nxe4 Nbd7 10. Rd1 Nxe4 11. Bxe4 Bxe4 12. Qxe4 Nf6 13. Qc6 Rc8 14. Ne5
Bd6 15. Bg5 h6 16. Bxf6 Qxf6 17. Nd7 Qh4 18. g3 Qh3 19. Nxf8 Rxf8 20. c4 f5 21.
f4 Rf6 22. c5 Bxf4 23. gxf4 Qe3+ 24. Kh1 Qxf4 25. Rd3 Kh7 26. Qf3 Qh4 27. Rg1
g5 28. Qg2 Rg6 29. d5 e5 30. d6 e4 31. Rd4 bxc5 32. dxc7 cxd4 33. c8=Q Rf6 34.
Qd7+ Kg6 35. Qxd4 Qf4 36. Rf1 Qc7 37. Qxf6+ Kxf6 38. Qxe4 Qd7 39. b4 Kg6 40.
Qf3 g4 41. Qg2 h5 42. h3 Qd3 43. hxg4 hxg4 44. Qf2 Qh3+ 45. Kg1 g3 46. Qg2 Qg4
47. Qf3 Qh3 48. Qc6+ Kh5 49. Qh1 Kg6 50. Qxh3 1-0

[Event "11. Torneo Internet Ciudad Dos Hermanas"]
[Site "Dos Hermanas ICC ESP"]
[Date "2010.03.19"]
[Round "3"]
[White "Tristan, Leonardo"]
[Black "Bruzon Batista, Lazaro"]
[Result "0-1"]
[WhiteElo "2408"]
[BlackElo "2641"]
[PlyCount "88"]
[EventDate "2010.03.10"]
[EventType "match (blitz)"]
[EventCountry "ESP"]
[Source "lmi"]
[SourceDate "2010.03.12"]

1. e4 c5 2. Nc3 d6 3. Bb5+ Bd7 4. a4 Nc6 5. f4 g6 6. Nf3 Bg7 7. O-O Nd4 8. Bc4
Nh6 9. d3 O-O 10. Nxd4 cxd4 11. Ne2 Kh8 12. h3 f5 13. Ng3 e6 14. Bb3 Rc8 15.
Bd2 Re8 16. Qe2 Qh4 17. Be1 Qf6 18. Bd2 Qh4 19. Nh1 Bc6 20. Nf2 e5 21. fxe5
dxe5 22. Rae1 f4 23. Rc1 Rf8 24. Nh1 Qe7 25. c3 dxc3 26. Bxc3 g5 27. Rcd1 Rcd8
28. Nf2 Bd7 29. d4 exd4 30. Bxd4 Bxd4 31. Rxd4 Nf5 32. Qd2 Nxd4 33. Qxd4+ Qg7
34. Qxa7 Bc6 35. Qc5 f3 36. Bd5 fxg2 37. Kxg2 Qe5 38. Rd1 Bxd5 39. exd5 Rc8 40.
Qb4 Qe3 41. Rd2 Rf3 42. Qg4 Rcf8 43. Ne4 R3f4 44. Re2 Rxg4+ 0-1

[Event "11. Torneo Internet Ciudad Dos Hermanas"]
[Site "Dos Hermanas ICC ESP"]
[Date "2010.03.19"]
[Round "3"]
[White "Valdes, Leonardo"]
[Black "Andreikin, Dmitry"]
[Result "1-0"]
[WhiteElo "2395"]
[BlackElo "2645"]
[PlyCount "163"]
[EventDate "2010.03.10"]
[EventType "match (blitz)"]
[EventCountry "ESP"]
[Source "lmi"]
[SourceDate "2010.03.12"]

1. Nf3 Nf6 2. g3 g6 3. Bg2 Bg7 4. O-O c5 5. d3 O-O 6. Nbd2 d5 7. e4 Nc6 8. Re1
dxe4 9. dxe4 e5 10. c3 Qc7 11. Qe2 b6 12. a4 Rd8 13. h3 Bb7 14. Kh2 Rd7 15. Nb3
Rad8 16. a5 Rd3 17. axb6 axb6 18. Bg5 c4 19. Nbd2 b5 20. Nf1 h6 21. Bxf6 Bxf6
22. Ne3 Ne7 23. Nc2 Nc6 24. Ne3 Ne7 25. Nc2 Nc6 26. h4 Be7 27. Ne3 Bc5 28. Nd5
Qd6 29. b4 Ba7 30. Red1 Rxd1 31. Rxd1 Kg7 32. h5 Ne7 33. hxg6 fxg6 34. Nh4 Bxd5
35. exd5 Qf6 36. Nf3 Nxd5 37. Qxe5 Qxe5 38. Nxe5 Bxf2 39. Rxd5 Rxd5 40. Bxd5
Be1 41. Bc6 Bxc3 42. Nf3 Bxb4 43. Bxb5 c3 44. Bd3 Kf6 45. Bc2 h5 46. Kg2 g5 47.
Kf2 Bd6 48. Kg2 g4 49. Ne1 Kg5 50. Bd3 h4 51. gxh4+ Kxh4 52. Nc2 Kg5 53. Kf2
Kf4 54. Kg2 g3 55. Bh7 Bc5 56. Bd3 Bb6 57. Bh7 Bc5 58. Bg6 Bb6 59. Bh7 Ba7 60.
Bd3 Bb6 61. Bh7 Ba7 62. Bd3 Bb6 63. Bh7 Ba7 64. Nb4 Ke3 65. Bg6 Kd2 66. Bh7 Bf2
67. Nc2 Bc5 68. Kf3 Bd6 69. Kg2 Bc7 70. Bg6 Bb8 71. Bf5 Bc7 72. Be4 Bb8 73. Bh7
Bc7 74. Kh3 Bb8 75. Kg2 Bc7 76. Kf1 Bb8 77. Kg1 Bc7 78. Kh1 Bb8 79. Kg2 Bc7 80.
Kh3 Bb8 81. Kg2 Bc7 82. Kf1 1-0

[Event "11. Torneo Internet Ciudad Dos Hermanas"]
[Site "Dos Hermanas ICC ESP"]
[Date "2010.03.19"]
[Round "4"]
[White "Shipov, Sergei"]
[Black "Bykhovsky, Anatoly"]
[Result "1-0"]
[WhiteElo "2557"]
[BlackElo "2501"]
[PlyCount "73"]
[EventDate "2010.03.10"]
[EventType "match (blitz)"]
[EventCountry "ESP"]
[Source "lmi"]
[SourceDate "2010.03.12"]

1. d4 Nf6 2. c4 g6 3. Nc3 d5 4. Nf3 Bg7 5. cxd5 Nxd5 6. Bg5 c5 7. Rc1 Nxc3 8.
bxc3 O-O 9. e4 Bg4 10. d5 Qa5 11. Qd2 e6 12. Be2 exd5 13. exd5 Bxf3 14. Bxf3
Re8+ 15. Be3 Nd7 16. O-O Qa6 17. c4 Qd6 18. Rb1 b6 19. Rfe1 h5 20. a4 Be5 21.
h3 Bf6 22. a5 bxa5 23. Qxa5 Bd4 24. Bxd4 cxd4 25. Rxe8+ Rxe8 26. Qxa7 d3 27.
Qd4 Nc5 28. g3 Rc8 29. h4 Re8 30. Kg2 Rc8 31. Re1 Rd8 32. Kg1 Qb6 33. d6 Qb4
34. Re7 d2 35. d7 Qb8 36. Qxc5 Qb1+ 37. Kg2 1-0

[Event "11. Torneo Internet Ciudad Dos Hermanas"]
[Site "Dos Hermanas ICC ESP"]
[Date "2010.03.19"]
[Round "4"]
[White "Vovk, Yuri"]
[Black "Khusnutdinov, Rustam"]
[Result "0-1"]
[WhiteElo "2545"]
[BlackElo "2527"]
[PlyCount "96"]
[EventDate "2010.03.10"]
[EventType "match (blitz)"]
[EventCountry "ESP"]
[Source "lmi"]
[SourceDate "2010.03.12"]

1. d4 Nf6 2. c4 c5 3. d5 Ne4 4. f3 Nd6 5. e4 g6 6. Bd2 Bg7 7. Bc3 O-O 8. Bd3 e5
9. Ne2 Na6 10. a3 Nc7 11. b4 b6 12. Nd2 f5 13. Qc2 Qg5 14. O-O Ba6 15. f4 exf4
16. e5 Nf7 17. Nf3 Qh6 18. bxc5 bxc5 19. Qa4 g5 20. Bxf5 Nxd5 21. Be4 Nxc3 22.
Nxc3 Rae8 23. Qxd7 Nxe5 24. Nxe5 Bxe5 25. Rac1 f3 26. g3 f2+ 27. Kg2 Bxc4 28.
Bd5+ Bxd5+ 29. Nxd5 Bd4 30. Ne7+ Kh8 31. Nf5 Qf6 32. Nxd4 cxd4 33. Qd5 Re7 34.
Rc6 Qe5 35. Qxe5+ Rxe5 36. Rd6 Ra5 37. Rxd4 Rxa3 38. Rd7 Ra2 39. g4 a5 40. h3
a4 41. Ra7 Kg8 42. Kg3 Rf7 43. Ra8+ Kg7 44. Ra5 h6 45. h4 Ra3+ 46. Kg2 gxh4 47.
Rxf2 h3+ 48. Kf1 Ra1+ 0-1

[Event "11. Torneo Internet Ciudad Dos Hermanas"]
[Site "Dos Hermanas ICC ESP"]
[Date "2010.03.19"]
[Round "4"]
[White "Deviatkin, Andrei"]
[Black "Perez Ponsa, Federico"]
[Result "1/2-1/2"]
[WhiteElo "2587"]
[BlackElo "2437"]
[PlyCount "122"]
[EventDate "2010.03.10"]
[EventType "match (blitz)"]
[EventCountry "ESP"]
[Source "lmi"]
[SourceDate "2010.03.12"]

1. e4 c5 2. c3 d5 3. exd5 Qxd5 4. d4 Nf6 5. Nf3 Bg4 6. dxc5 Qxc5 7. h3 Bf5 8.
Be3 Qc7 9. Nd4 Bd7 10. Nb5 Bxb5 11. Bxb5+ Nc6 12. Qa4 e6 13. Nd2 Be7 14. Bf4
Qc8 15. Bxc6+ bxc6 16. O-O O-O 17. Rfd1 Qb7 18. Nc4 Nd5 19. Bg3 Qb5 20. Qxb5
cxb5 21. Nd6 a6 22. a4 Rfd8 23. Ne4 f5 24. Nd2 f4 25. Bh2 g5 26. Ne4 Rab8 27.
axb5 axb5 28. Kf1 Nb6 29. h4 h6 30. hxg5 hxg5 31. g3 Nd5 32. gxf4 gxf4 33. Ke2
Kf7 34. Ra7 Rh8 35. Bg1 Ra8 36. Rda1 Rxa7 37. Rxa7 Rh1 38. Kf1 Rh5 39. f3 Ne3+
40. Ke2 Rh1 41. Bxe3 fxe3 42. Kxe3 Rb1 43. b4 Ke8 44. Kd4 Rd1+ 45. Ke5 Rd3 46.
f4 Rd7 47. Rxd7 Kxd7 48. Nf6+ Bxf6+ 49. Kxf6 Kd6 50. Kf7 Kd7 51. Kg6 Kc6 52.
Kg7 Kc7 53. Kg8 Kc8 54. Kg7 Kc7 55. Kg6 Kc6 56. Kg5 Kd5 57. Kg6 Kc6 58. Kf6 Kd6
59. Kg5 Kd5 60. Kh6 Ke4 61. Kg5 Kd5 1/2-1/2

[Event "11. Torneo Internet Ciudad Dos Hermanas"]
[Site "Dos Hermanas ICC ESP"]
[Date "2010.03.19"]
[Round "4"]
[White "Lenderman, Aleksandr"]
[Black "Bryzgalin, Kirill"]
[Result "1/2-1/2"]
[WhiteElo "2601"]
[BlackElo "2506"]
[PlyCount "116"]
[EventDate "2010.03.10"]
[EventType "match (blitz)"]
[EventCountry "ESP"]
[Source "lmi"]
[SourceDate "2010.03.12"]

1. d4 Nf6 2. c4 c5 3. Nf3 e6 4. Nc3 cxd4 5. Nxd4 Nc6 6. Ndb5 d5 7. Bf4 e5 8.
cxd5 exf4 9. dxc6 bxc6 10. Qxd8+ Kxd8 11. Rd1+ Bd7 12. Nd6 Rb8 13. Nxf7+ Ke8
14. Nxh8 Rxb2 15. Rd3 Bb4 16. Kd1 Bf5 17. e4 Bxe4 18. Nxe4 Nxe4 19. Kc1 Rxa2
20. Rb3 a5 21. Bc4 Ra1+ 22. Rb1 Rxb1+ 23. Kxb1 Nd2+ 24. Kc2 Nxc4 25. g3 Kf8 26.
Rd1 Nd6 27. Rd4 fxg3 28. hxg3 Kg8 29. Rf4 g6 30. Nxg6 hxg6 31. Kb3 Kg7 32. Rd4
Nf5 33. Rd7+ Kf6 34. g4 Ne7 35. f4 Ke6 36. Rd4 Nd5 37. Re4+ Kf6 38. Rc4 c5 39.
Re4 Nb6 40. Kc2 a4 41. g5+ Kf5 42. Re5+ Kxf4 43. Re6 Nc4 44. Rxg6 Kf5 45. Rg8
Ne5 46. Re8 Ng6 47. Ra8 a3 48. Kb3 Kxg5 49. Re8 Nf4 50. Rg8+ Kf5 51. Rf8+ Ke5
52. Re8+ Ne6 53. Rd8 Nxd8 54. Kc4 Nc6 55. Kb5 Nd4+ 56. Kc4 a2 57. Kd3 a1=Q 58.
Kc4 Qb1 1/2-1/2

[Event "11. Torneo Internet Ciudad Dos Hermanas"]
[Site "Dos Hermanas ICC ESP"]
[Date "2010.03.19"]
[Round "4"]
[White "Andreikin, Dmitry"]
[Black "Valdes, Leonardo"]
[Result "1-0"]
[WhiteElo "2645"]
[BlackElo "2395"]
[PlyCount "91"]
[EventDate "2010.03.10"]
[EventType "match (blitz)"]
[EventCountry "ESP"]
[Source "lmi"]
[SourceDate "2010.03.12"]

1. e4 d6 2. d4 Nf6 3. Nc3 g6 4. f4 Bg7 5. Nf3 O-O 6. e5 dxe5 7. fxe5 Nh5 8. Be3
f6 9. Bc4+ Kh8 10. O-O Nc6 11. Qe2 Bg4 12. Rad1 Qc8 13. exf6 exf6 14. Qf2 Bxf3
15. Qxf3 f5 16. Ne2 Qd7 17. c3 Rae8 18. Nf4 Nxf4 19. Bxf4 Na5 20. Bd3 b6 21.
Rfe1 Rxe1+ 22. Rxe1 c5 23. d5 c4 24. Bf1 Nb7 25. g3 Nd6 26. Re6 Ne4 27. Bxc4 b5
28. Bd3 Qxd5 29. Ra6 Qb7 30. Re6 Qd7 31. Ra6 Qb7 32. Re6 Qf7 33. Ra6 Nc5 34.
Rd6 Nxd3 35. Qxd3 Qxa2 36. Qxb5 Qb1+ 37. Kg2 Qc2+ 38. Kh3 Qb1 39. Qd3 Qxb2 40.
Rd8 Qa3 41. Qd7 h6 42. Bd6 Qa1 43. Rxf8+ Bxf8 44. Be5+ Kg8 45. Qe6+ Kh7 46.
Qf7+ 1-0

[Event "11. Torneo Internet Ciudad Dos Hermanas"]
[Site "Dos Hermanas ICC ESP"]
[Date "2010.03.19"]
[Round "5"]
[White "Khusnutdinov, Rustam"]
[Black "Vovk, Yuri"]
[Result "1-0"]
[WhiteElo "2527"]
[BlackElo "2545"]
[PlyCount "47"]
[EventDate "2010.03.10"]
[EventType "match (blitz)"]
[EventCountry "ESP"]
[Source "lmi"]
[SourceDate "2010.03.12"]

1. Nc3 e5 2. Nf3 Nc6 3. d4 exd4 4. Nxd4 Nf6 5. Bg5 Be7 6. Nf5 O-O 7. Qd3 Ne5 8.
Qg3 Ng6 9. Nxe7+ Qxe7 10. Nd5 Qc5 11. Nxf6+ gxf6 12. Bxf6 Qxc2 13. h4 Qf5 14.
Bc3 h5 15. e3 d6 16. O-O-O Qg4 17. Qh2 Bf5 18. Rd4 Be4 19. f3 Qe6 20. Rxe4 Qxa2
21. Bd3 Rae8 22. Qg3 Qa1+ 23. Kc2 Qxh1 24. Rxe8 1-0

[Event "11. Torneo Internet Ciudad Dos Hermanas"]
[Site "Dos Hermanas ICC ESP"]
[Date "2010.03.19"]
[Round "6"]
[White "Vovk, Yuri"]
[Black "Khusnutdinov, Rustam"]
[Result "1/2-1/2"]
[WhiteElo "2545"]
[BlackElo "2527"]
[PlyCount "78"]
[EventDate "2010.03.10"]
[EventType "match (blitz)"]
[EventCountry "ESP"]
[Source "lmi"]
[SourceDate "2010.03.12"]

1. e4 c5 2. Nf3 e6 3. Nc3 Nc6 4. Bb5 Nge7 5. O-O a6 6. Bxc6 Nxc6 7. d4 cxd4 8.
Nxd4 d6 9. Be3 Be7 10. Qd2 O-O 11. Rad1 Qc7 12. f4 b5 13. f5 Nxd4 14. Bxd4 f6
15. fxe6 Bxe6 16. Nd5 Qb7 17. Qe3 Rae8 18. Qf3 Bd8 19. Kh1 Bxd5 20. exd5 Bb6
21. Bc3 Re7 22. Qg3 Qc7 23. Rxf6 Rxf6 24. Bxf6 Qxc2 25. Qg4 Qe4 26. Qxe4 Rxe4
27. Bc3 b4 28. Be1 a5 29. Bg3 Bc5 30. h3 Re2 31. Rb1 Rd2 32. Bf4 Rxd5 33. Re1
Kf7 34. Kh2 Rd4 35. Bg3 Rd2 36. Rf1+ Ke6 37. Re1+ Kf7 38. Rf1+ Ke6 39. Re1+ Kf7
1/2-1/2

[Event "11. Torneo Internet Ciudad Dos Hermanas"]
[Site "Dos Hermanas ICC ESP"]
[Date "2010.03.19"]
[Round "6"]
[White "Jones, Gawain C B"]
[Black "Gurevich, Dmitry"]
[Result "1-0"]
[WhiteElo "2556"]
[BlackElo "2488"]
[PlyCount "77"]
[EventDate "2010.03.10"]
[EventType "match (blitz)"]
[EventCountry "ESP"]
[Source "lmi"]
[SourceDate "2010.03.12"]

1. d4 Nf6 2. c4 a6 3. Nc3 c5 4. dxc5 Qa5 5. g3 Qxc5 6. Qd3 d6 7. Be3 Qc7 8. Nd5
Nxd5 9. cxd5 Nd7 10. Rc1 Qa5+ 11. Qc3 Qxc3+ 12. Rxc3 g6 13. Bd4 Nf6 14. Nf3 Bg7
15. Bg2 O-O 16. Nd2 Re8 17. Nb3 Bf5 18. O-O Ne4 19. Bxg7 Kxg7 20. Rc7 Nf6 21.
Rxb7 Rab8 22. Rxb8 Rxb8 23. Rc1 a5 24. Nxa5 Rxb2 25. Bf3 Rxa2 26. Nc6 e6 27.
dxe6 Bxe6 28. Nd4 Bd5 29. Bxd5 Nxd5 30. Rc6 Kf6 31. Nb5 Ke5 32. Nxd6 Rxe2 33.
Nxf7+ Kd4 34. Rc1 Ke4 35. Ng5+ Kf5 36. Nxh7 g5 37. Rc5 Rd2 38. h4 Kg4 39. Nxg5
1-0

[Event "11. Torneo Internet Ciudad Dos Hermanas"]
[Site "Dos Hermanas ICC ESP"]
[Date "2010.03.19"]
[Round "9"]
[White "Jones, Gawain C B"]
[Black "Bruzon Batista, Lazaro"]
[Result "0-1"]
[WhiteElo "2556"]
[BlackElo "2641"]
[PlyCount "80"]
[EventDate "2010.03.10"]
[EventType "match (blitz)"]
[EventCountry "ESP"]
[Source "lmi"]
[SourceDate "2010.03.12"]

1. e4 e5 2. Nf3 Nc6 3. Bc4 Bc5 4. O-O Nf6 5. d4 exd4 6. e5 d5 7. exf6 dxc4 8.
fxg7 Rg8 9. Re1+ Be6 10. Bg5 Be7 11. Bxe7 Kxe7 12. Re4 d3 13. Na3 Qd5 14. Rxc4
Rxg7 15. Qxd3 Qxd3 16. cxd3 Bxc4 17. Nxc4 Rd8 18. Re1+ Kf8 19. Re3 f6 20. Kf1
Rgd7 21. Ke2 Nb4 22. d4 Nc2 23. Rb3 Nxd4+ 24. Nxd4 Rxd4 25. Na5 b6 26. Nc6 Re8+
27. Kf3 Rd2 28. Nxa7 Ree2 29. Kg4 Rxf2 30. g3 Rxb2 31. Rc3 Rfc2 32. Rf3 Kf7 33.
a3 Rxh2 34. Nc6 h5+ 35. Kf4 Rhf2 36. Nd4 Rxf3+ 37. Kxf3 Ra2 38. Nb5 c6 39. Nd6+
Ke6 40. Nc4 b5 0-1

[Event "11. Torneo Internet Ciudad Dos Hermanas"]
[Site "Dos Hermanas ICC ESP"]
[Date "2010.03.19"]
[Round "9"]
[White "Lenderman, Aleksandr"]
[Black "Hammer, Jon Ludvig"]
[Result "1/2-1/2"]
[WhiteElo "2601"]
[BlackElo "2617"]
[PlyCount "101"]
[EventDate "2010.03.10"]
[EventType "match (blitz)"]
[EventCountry "ESP"]
[Source "lmi"]
[SourceDate "2010.03.12"]

1. d4 Nf6 2. Nf3 e6 3. c4 b6 4. a3 Ba6 5. Qc2 Bb7 6. Nc3 c5 7. e4 cxd4 8. Nxd4
Bc5 9. Nb3 Nc6 10. Be2 Nd4 11. Nxd4 Bxd4 12. Bg5 h6 13. Bh4 O-O 14. Rd1 Bxc3+
15. bxc3 Bxe4 16. Qd2 Rc8 17. Qe3 Bh7 18. g4 d5 19. g5 Ne4 20. Rg1 hxg5 21.
Bxg5 Nxg5 22. Rxg5 Qf6 23. Rd4 Be4 24. Qg3 e5 25. Qxe5 Qxe5 26. Rxe5 Rfe8 27.
Rxe8+ Rxe8 28. Kd2 dxc4 29. Bxc4 Bc6 30. Rd6 Rc8 31. Rd4 Kf8 32. h4 Rc7 33. Ke3
Ke7 34. Kf4 Rd7 35. Rxd7+ Bxd7 36. Ke5 f6+ 37. Kd4 Kd6 38. f4 Be6 39. Bd3 Bd5
40. Be2 Bf7 41. Bd3 Be8 42. Be2 Bd7 43. Bd3 Bg4 44. Bf1 Bf3 45. Bd3 Bc6 46. Bc4
Bd7 47. Bd3 Kc6 48. Bc4 Kd6 49. Bd3 Be8 50. Be2 Bf7 51. Bd3 1/2-1/2

[Event "11. Torneo Internet Ciudad Dos Hermanas"]
[Site "Dos Hermanas ICC ESP"]
[Date "2010.03.19"]
[Round "9"]
[White "Vasquez Schroeder, Rodrigo"]
[Black "Andreikin, Dmitry"]
[Result "1-0"]
[WhiteElo "2506"]
[BlackElo "2645"]
[PlyCount "83"]
[EventDate "2010.03.10"]
[EventType "match (blitz)"]
[EventCountry "ESP"]
[Source "lmi"]
[SourceDate "2010.03.12"]

1. d4 Nf6 2. Nf3 g6 3. g3 Bg7 4. Bg2 O-O 5. O-O c5 6. d5 b5 7. a4 b4 8. c4 d6
9. Re1 Ne4 10. Nbd2 Nxd2 11. Nxd2 Nd7 12. Ra2 f5 13. b3 Ne5 14. Bb2 f4 15. Nf3
Nxf3+ 16. exf3 Rf7 17. Bxg7 Kxg7 18. Rae2 a5 19. Qd2 Ra7 20. Re4 Qf8 21. g4 g5
22. h4 h6 23. h5 Kg8 24. Bf1 Qg7 25. Bd3 Kf8 26. R4e2 Qc3 27. Qd1 Qd4 28. Re4
Qc3 29. R4e2 Qd4 30. Qb1 Qc3 31. Rc1 Qd4 32. Bg6 Rg7 33. Rd1 Qf6 34. Rde1 Qc3
35. Bf5 Bxf5 36. Qxf5+ Kg8 37. Re6 Rf7 38. Rg6+ Rg7 39. Qe6+ Kf8 40. Rxh6 Rf7
41. Qc8+ Kg7 42. Qh8# 1-0

[Event "11. Torneo Internet Ciudad Dos Hermanas"]
[Site "Dos Hermanas ICC ESP"]
[Date "2010.03.19"]
[Round "9"]
[White "Shipov, Sergei"]
[Black "Amonatov, Farrukh"]
[Result "0-1"]
[WhiteElo "2557"]
[BlackElo "2637"]
[PlyCount "72"]
[EventDate "2010.03.10"]
[EventType "match (blitz)"]
[EventCountry "ESP"]
[Source "lmi"]
[SourceDate "2010.03.12"]

1. d4 Nf6 2. c4 g6 3. Nc3 Bg7 4. e4 d6 5. Nf3 O-O 6. Be2 e5 7. Be3 Ng4 8. Bg5
f6 9. Bh4 Nd7 10. O-O Nh6 11. Qd2 Nf7 12. Rad1 c6 13. Rfe1 a5 14. Qc2 Qe7 15.
a3 Ng5 16. d5 c5 17. Rb1 h5 18. h3 Nf7 19. b4 axb4 20. axb4 b6 21. Bd3 Ng5 22.
Nd2 f5 23. Bxg5 Qxg5 24. Nf3 Qf6 25. bxc5 bxc5 26. Ra1 Rxa1 27. Rxa1 g5 28. Nh2
g4 29. Kh1 f4 30. hxg4 hxg4 31. Nxg4 Qh4+ 32. Nh2 Rf6 33. Qd1 Rh6 34. Qg1 Nf6
35. Be2 Bg4 36. f3 Nh5 0-1

[Event "11. Torneo Internet Ciudad Dos Hermanas"]
[Site "Dos Hermanas ICC ESP"]
[Date "2010.03.19"]
[Round "9"]
[White "Khusnutdinov, Rustam"]
[Black "Lastin, Alexander"]
[Result "1-0"]
[WhiteElo "2527"]
[BlackElo "2643"]
[PlyCount "89"]
[EventDate "2010.03.10"]
[EventType "match (blitz)"]
[EventCountry "ESP"]
[Source "lmi"]
[SourceDate "2010.03.12"]

1. e4 c6 2. d3 d5 3. Nd2 g6 4. g3 Bg7 5. Bg2 e5 6. Ngf3 Ne7 7. O-O O-O 8. b4 d4
9. Bb2 a5 10. a3 Na6 11. Nc4 axb4 12. Ncxe5 b5 13. axb4 Qc7 14. Bxd4 f6 15.
Nxc6 Nxc6 16. Bc5 Rd8 17. c3 Be6 18. d4 Nxc5 19. bxc5 Na5 20. Nd2 Bf7 21. Qb1
Nc4 22. Rd1 Nxd2 23. Rxd2 Rxa1 24. Qxa1 Rb8 25. Qa3 Bf8 26. Bf1 Qc6 27. f3 f5
28. Bd3 Bc4 29. Bxc4+ bxc4 30. Qa2 Rb3 31. Qc2 fxe4 32. fxe4 Bh6 33. Re2 Qa4
34. e5 Be3+ 35. Kg2 Qa8+ 36. Kh3 Qf3 37. c6 Rxc3 38. c7 Qf1+ 39. Kh4 g5+ 40.
Kg4 h5+ 41. Kxh5 Qh3+ 42. Kg6 Qe6+ 43. Kh5 Qh3+ 44. Kg6 Qh7+ 45. Kf6 1-0

[Event "11. Torneo Internet Ciudad Dos Hermanas"]
[Site "Dos Hermanas ICC ESP"]
[Date "2010.03.19"]
[Round "9"]
[White "Perez Ponsa, Federico"]
[Black "Barbosa, Oliver"]
[Result "0-1"]
[WhiteElo "2437"]
[BlackElo "2452"]
[PlyCount "126"]
[EventDate "2010.03.10"]
[EventType "match (blitz)"]
[EventCountry "ESP"]
[Source "lmi"]
[SourceDate "2010.03.12"]

1. e4 e5 2. Nf3 Nf6 3. d4 Nxe4 4. Bd3 d5 5. dxe5 Nc5 6. O-O Be7 7. Nc3 Nxd3 8.
Qxd3 c6 9. Nd4 O-O 10. f4 Nd7 11. Nf5 Nc5 12. Nxe7+ Qxe7 13. Qg3 Bf5 14. Qf2 f6
15. Be3 Ne6 16. exf6 Qxf6 17. Rad1 b6 18. Qd2 Rad8 19. Ne2 c5 20. c3 Bg4 21. h3
Bxe2 22. Qxe2 g6 23. Bc1 Rfe8 24. Rde1 Ng7 25. Qd3 Qf5 26. Qxf5 Nxf5 27. Kf2
Nd6 28. Kf3 Kf7 29. g4 a5 30. Be3 Nc4 31. b3 Nd6 32. Bc1 a4 33. Rxe8 Rxe8 34.
Rd1 Ke6 35. Re1+ Ne4 36. c4 Kd6 37. cxd5 Ng5+ 38. Kf2 Rxe1 39. Kxe1 Ne4 40. Bb2
axb3 41. axb3 Kxd5 42. Ke2 b5 43. Ke3 c4 44. bxc4+ bxc4 45. Bc1 Nd6 46. h4 h6
47. Ke2 h5 48. f5 hxg4 49. fxg6 Nf5 50. h5 Ng3+ 51. Ke3 Nxh5 52. g7 Nxg7 53.
Kf4 Ne6+ 54. Kxg4 Ke4 55. Kg3 Nd4 56. Kf2 Kd3 57. Ke1 c3 58. Kf2 Kc2 59. Bf4
Nb3 60. Bg5 Kd3 61. Ke1 c2 62. Bh6 Nd4 63. Bg5 Nf3+ 0-1

[Event "11. Torneo Internet Ciudad Dos Hermanas"]
[Site "Dos Hermanas ICC ESP"]
[Date "2010.03.19"]
[Round "10"]
[White "Hammer, Jon Ludvig"]
[Black "Lenderman, Aleksandr"]
[Result "0-1"]
[WhiteElo "2617"]
[BlackElo "2601"]
[PlyCount "58"]
[EventDate "2010.03.10"]
[EventType "match (blitz)"]
[EventCountry "ESP"]
[Source "lmi"]
[SourceDate "2010.03.12"]

1. d4 d5 2. Nf3 Nf6 3. c4 c6 4. Nc3 dxc4 5. a4 Bf5 6. Ne5 e6 7. Bg5 h6 8. Bxf6
Qxf6 9. e4 Bh7 10. Bxc4 Bd6 11. Nf3 Qe7 12. e5 Bb4 13. a5 O-O 14. O-O Nd7 15.
Re1 b6 16. axb6 axb6 17. Rxa8 Rxa8 18. Re3 b5 19. Bb3 Nb6 20. Ne1 Qb7 21. Nd3
Be7 22. Ne4 Nc4 23. Re1 Bxe4 24. Rxe4 c5 25. Rg4 cxd4 26. Rxd4 Qa7 27. Nf4 Nxb2
28. Qd2 Qxd4 29. Qxd4 Ra1+ 0-1

[Event "11. Torneo Internet Ciudad Dos Hermanas"]
[Site "Dos Hermanas ICC ESP"]
[Date "2010.03.19"]
[Round "10"]
[White "Andreikin, Dmitry"]
[Black "Vasquez Schroeder, Rodrigo"]
[Result "1/2-1/2"]
[WhiteElo "2645"]
[BlackElo "2506"]
[PlyCount "109"]
[EventDate "2010.03.10"]
[EventType "match (blitz)"]
[EventCountry "ESP"]
[Source "lmi"]
[SourceDate "2010.03.12"]

1. e4 e6 2. d4 d5 3. Nc3 Bb4 4. exd5 exd5 5. Bd3 Nc6 6. a3 Ba5 7. Nge2 Nge7 8.
O-O Bf5 9. Bg5 f6 10. Bf4 Bxd3 11. Qxd3 Bxc3 12. Nxc3 a6 13. Qg3 Nf5 14. Rfe1+
Kf7 15. Bxc7 Qd7 16. Qd3 Nfxd4 17. Bb6 Ne6 18. Nxd5 Ne5 19. Rxe5 fxe5 20. Qf5+
Kg8 21. Nc7 Rf8 22. Qxe6+ Qxe6 23. Nxe6 Rf6 24. Rd1 Rxe6 25. Rd8+ Kf7 26. Rxh8
Rxb6 27. b3 Rc6 28. Rb8 b5 29. Rb7+ Kg8 30. g3 Rxc2 31. Rb6 Rc3 32. Rxa6 Rxb3
33. Kg2 Kf7 34. h4 h5 35. Kf1 b4 36. a4 Ra3 37. Ke2 Ra2+ 38. Ke3 b3 39. Rb6
Rxa4 40. Rxb3 Kf6 41. Rb8 g6 42. Rf8+ Ke6 43. Rb8 Kf6 44. Rb6+ Kf5 45. Rb8 Ra3+
46. Ke2 Kf6 47. Rb6+ Kf5 48. Rd6 Ra2+ 49. Ke3 Ra3+ 50. Ke2 Ra2+ 51. Kf1 Ra3 52.
Kg2 Rb3 53. Rd8 Rb4 54. Rf8+ Ke6 55. Rg8 1/2-1/2

[Event "11. Torneo Internet Ciudad Dos Hermanas"]
[Site "Dos Hermanas ICC ESP"]
[Date "2010.03.19"]
[Round "10"]
[White "Bruzon Batista, Lazaro"]
[Black "Jones, Gawain C B"]
[Result "1-0"]
[WhiteElo "2641"]
[BlackElo "2556"]
[PlyCount "105"]
[EventDate "2010.03.10"]
[EventType "match (blitz)"]
[EventCountry "ESP"]
[Source "lmi"]
[SourceDate "2010.03.12"]

1. e4 c5 2. Nf3 d6 3. d4 cxd4 4. Nxd4 Nf6 5. Nc3 g6 6. Be3 Bg7 7. f3 O-O 8. Qd2
Nc6 9. g4 Be6 10. Nxe6 fxe6 11. O-O-O Ne5 12. Be2 Qa5 13. Kb1 Rac8 14. Nb5 Qxd2
15. Rxd2 Nc4 16. Bxc4 Rxc4 17. b3 Rc6 18. Nxa7 Ra6 19. Nb5 Nd7 20. Rf1 Ne5 21.
Rdf2 Rc8 22. a4 Rac6 23. Na7 Rc3 24. Bd4 Nd7 25. Bxg7 Kxg7 26. Nxc8 Rxc8 27.
Kb2 Ne5 28. g5 Nf7 29. f4 e5 30. f5 Nxg5 31. fxg6 hxg6 32. h4 Nxe4 33. Rf7+ Kh6
34. Rxe7 b6 35. Rff7 Kh5 36. Rh7+ Kg4 37. Rb7 Rc6 38. b4 d5 39. Rhc7 Rf6 40. a5
bxa5 41. bxa5 d4 42. Rb6 Rf1 43. a6 Nc3 44. Rxg6+ Kh5 45. Rgc6 Rb1+ 46. Ka3
Kxh4 47. a7 Ra1+ 48. Kb3 Nb5 49. Rg7 Kh5 50. Rc8 Kh6 51. Rg3 Rb1+ 52. Ka2 Nc3+
53. Rgxc3 1-0

[Event "11. Torneo Internet Ciudad Dos Hermanas"]
[Site "Dos Hermanas ICC ESP"]
[Date "2010.03.19"]
[Round "10"]
[White "Barbosa, Oliver"]
[Black "Perez Ponsa, Federico"]
[Result "0-1"]
[WhiteElo "2452"]
[BlackElo "2437"]
[PlyCount "118"]
[EventDate "2010.03.10"]
[EventType "match (blitz)"]
[EventCountry "ESP"]
[Source "lmi"]
[SourceDate "2010.03.12"]

1. c4 Nf6 2. Nc3 g6 3. g3 d6 4. Bg2 Bg7 5. d3 O-O 6. e4 c5 7. Nge2 Nc6 8. O-O
Ne8 9. f4 Nc7 10. f5 Rb8 11. Bg5 Bf6 12. Bh6 Re8 13. Qd2 Nd4 14. g4 b5 15. Ng3
bxc4 16. dxc4 e6 17. g5 Be5 18. fxg6 fxg6 19. Rf2 Ba6 20. b3 Bg7 21. Bxg7 Kxg7
22. Raf1 Qe7 23. e5 Rf8 24. exd6 Qxd6 25. Nge4 Qe5 26. Nf6 Rbd8 27. Qc1 Nf5 28.
Nce4 Bb7 29. Kh1 Bxe4 30. Nxe4 Rd4 31. Re1 Rfd8 32. Rfe2 Nh4 33. Qe3 Nf5 34.
Qf2 Rd1 35. Nxc5 Qc3 36. Ne4 Qa5 37. h3 Na6 38. Kh2 Qe5+ 39. Kg1 Nb4 40. Nf6
Rxe1+ 41. Rxe1 Qc7 42. Rxe6 Nd3 43. Qd2 Nf4 44. Nd5 Qc5+ 45. Kh2 Nxd5 46. Bxd5
Qc7+ 47. Kh1 Qg3 48. Qh2 Qxg5 49. Qc7+ Kh6 50. Qe5 Rf8 51. Kh2 Qd2+ 52. Qe2
Qf4+ 53. Kg2 Nh4+ 54. Kg1 Qg3+ 55. Kh1 Qxh3+ 56. Kg1 Qg3+ 57. Kh1 Rf4 58. Re3
Nf3 59. Rxf3 Rh4+ 0-1